Možnosti utváření pozitivního vztahu žáků k četbě

Základné projekty k utváraniu pozitívnych postojov žiakov k čítaniu, ktoré môžu učitelia využiť pri rôznych vekových skupinách detí. Podpora čitateľstva a rozvoj čitateľskej gramotnosti. Príklady.

Salvato in:
Dettagli Bibliografici
Autore principale: Šauerová, Markéta
Natura: Capitolo di libro
Lingua:slovacco
Soggetti:
Tags: Aggiungi Tag
Nessun Tag, puoi essere il primo ad aggiungerne!!

MARC

LEADER 00000naa a2200000 4500
001 0199747
005 20231127103337.5
041 0 |a slo 
044 |a SK 
245 1 0 |a Možnosti utváření pozitivního vztahu žáků k četbě  |c Markéta Šauerová 
520 |a Základné projekty k utváraniu pozitívnych postojov žiakov k čítaniu, ktoré môžu učitelia využiť pri rôznych vekových skupinách detí. Podpora čitateľstva a rozvoj čitateľskej gramotnosti. Príklady. 
610 2 0 |a výchova 
610 2 0 |a vzdelávanie 
610 2 0 |a vyučovanie 
610 2 0 |a literatúra 
610 2 0 |a motivácia 
610 2 0 |a projekty 
610 2 0 |a knihy 
610 2 0 |a žiaci 
100 1 |a Šauerová, Markéta